| 000 -ლიდერი |
| ფიქსირებული სიგრძის საკონტროლო ველი |
02830nam a2200325Ia 4500 |
| 001 - საკონტროლო ნომერი |
| საკონტროლო ველი |
21858 |
| 003 - საკონტროლო ნომრის იდენტიფიკატორი |
| საკონტროლო ველი |
GE_BSU |
| 005 - ბოლო ოპერაციის თარიღი და დრო |
| საკონტროლო ველი |
20220614162903.0 |
| 008 - ფიქსირებული სიგრძის მონაცემთა ელემენტები - ზოგადი ინფორმაცია |
| ფიქსირებული სიგრძის საკონტროლო ველი |
181216s2008||||ge |||||||||||||| ||geo|| |
| 020 ## - წიგნის საერთაშორისო სტანდარტული ნომერი |
| International Standard Book Number |
9781847102348 |
| 040 ## - კატალოგიზაციის წყარო |
| Transcribing agency |
GE_BSU |
| 041 ## - ენის კოდი |
| Language code of text/sound track or separate title |
geo |
| 080 ## - უნივერსალური ათობითი კლასიფიკაციის ინდექსი |
| Universal Decimal Classification number |
657.15 ფ-59 |
| 245 ## - ცნობა სათაურის შესახებ |
| Title |
ფინანსური აღრიცხვა : |
| Remainder of title |
წიგნი F3 (INT) სრული ტექსტი / |
| Statement of responsibility, etc |
წიგნის თარგმანზე და გამოცემაზე მუშაობდნენ : პროექტის ხელმძღ. ლავრენტი ჭუმბურიძე ; მთარგმნელი მარინა რევაზიშვილი ; რედ. : ნადეჟდა კვატაშიძე, ანჟელი ხორავა, მანანა გველესიანი. |
| 264 ## - წარმოების, გამოცემის, დისტრიბუციის და სხვა ცნობები |
| გამოცემის, წარმოების, დისტრიბუციის... ადგილი |
თბილისი : |
| გამოცემის, წარმოების, დისტრიბუციის... სახელწოდება |
შპს ''დანი'', |
| გამოცემის, წარმოების, დისტრიბუციის... თარიღი |
2008. |
| 300 ## - ფიზიკური აღწერა |
| Extent |
432 გვ : |
| Other physical details |
ცხრ., |
| Dimensions |
29 სმ. |
| 490 ## - სერიის ცნობა |
| Series statement |
ACCA ინგლისისა და უელის ნაფიც სერტიფიცირენულ ბუღალტერთა ასოციაცია |
| 500 ## - ზოგადი შენიშვნა |
| General note |
წიგნი თარგმნილი და გამოცემულია საქართველოს პროფესიონალ ბუღალტერთა და აუდიტორთა ფედერაციის (ბაფი)მიერ |
| 501 ## - შენიშვნა თანმხლებ მასალაზე |
| With note |
გამოყენებული ტერმინების ქართულ-ინგლისური ლექსიკონი გვ. 422-431. აბრევიატურათა განმარტება გვ. 432 |
| 520 ## - SUMMARY, ETC. |
| Summary, etc |
ამ წიგნის გამოცემა განხორციელდა ევრაზიის თანამშრომლობის ფონდის მხარდაჭერით შვედეთის საერთაშორისო განვითარების სააგენტოს (SIDA)სახსრებიდან |
| 653 ## - INDEX TERM--UNCONTROLLED |
| Uncontrolled term |
ბუღალტერია |
| 653 ## - INDEX TERM--UNCONTROLLED |
| Uncontrolled term |
ფინანსური აღრიცხვა |
| 700 ## - ADDED ENTRY--PERSONAL NAME |
| Personal name |
ჭუმბურიძე, ლავრენტი |
| Relator term |
პროექტის ხელ-ლი |
| 9 (RLIN) |
13180 |
| 700 ## - ADDED ENTRY--PERSONAL NAME |
| Personal name |
რევაზიშვილი, მარინა |
| Relator term |
მთარგმნელი |
| 9 (RLIN) |
13181 |
| 700 ## - ADDED ENTRY--PERSONAL NAME |
| Personal name |
კვატაშიძე, ნადეჟდა |
| Relator term |
რედაქტორი |
| 9 (RLIN) |
13182 |
| 700 ## - ADDED ENTRY--PERSONAL NAME |
| Personal name |
ხორავა, ანჟელი |
| Relator term |
რედაქტორი |
| 9 (RLIN) |
13183 |
| 700 ## - ADDED ENTRY--PERSONAL NAME |
| Personal name |
გველესიანი, მანანა |
| Relator term |
რედაქტორი |
| 9 (RLIN) |
7244 |
| 942 ## - ADDED ENTRY ELEMENTS (KOHA) |
| Koha item type |
წიგნი |
| Source of classification or shelving scheme |
|